| 000 | 01987nam0a2200481 i 4500 | ||
|---|---|---|---|
| 001 | RU\NLR\bibl\2033220 | ||
| 005 | 20241101231418.0 | ||
| 010 |
_a9785948811673 _9300 |
||
| 035 | _a(nilc)LIBNET\0000292883 | ||
| 035 | _aROSTOV\BIBL\z0000450893 | ||
| 035 | _a(NLR Aleph) 002020881 | ||
| 090 |
_a4503951 _c4503951 |
||
| 100 | _a20121003d2012 u y0rusy50 ca | ||
| 101 | 0 |
_arus _deng |
|
| 102 | _aRU | ||
| 105 | _ay ||||||||| | ||
| 106 | _ar | ||
| 200 | 1 |
_aАмериканское общество и меняющийся Советский Союз _e(март 1985 - июль 1991) _fД.С. Секиринский _gУчреждение Рос. акад. наук Ин-т всеобщ. истории РАН |
|
| 210 |
_aМосква _cНовый хронограф _d2012 |
||
| 215 |
_a292, [2] с. _d22 |
||
| 300 | _aРез. на англ. яз. | ||
| 320 | _aБиблиогр.: с. 269-288 и в подстроч. примеч. | ||
| 320 | _aУказ. имен: с. 289-291 | ||
| 606 |
_aАмериканцы _xПредставления об СССР _91061487 _3RU\NLR\auth\6693630 |
||
| 606 | 1 |
_aОбщественное мнение _yСоединенные Штаты Америки _91766253 _3RU\NLR\auth\66792724 |
|
| 610 | 0 | _aСССР | |
| 610 | 0 | _a"Перестройка" | |
| 610 | 0 | _aПолитические преобразования | |
| 610 | 0 | _aВосприятие | |
| 610 | 0 | _aАмериканцы | |
| 686 |
_a63.3(2)635 _vLBC/RL _2rubbk |
||
| 686 |
_a63.3(7США)63 _vLBC/RL _2rubbk |
||
| 686 | _aТ3(7США)63-7 | ||
| 686 | _aС558.58 | ||
| 700 | 1 |
_aСекиринский _bД. С. _gДенис Сергеевич _4070 |
|
| 801 | 0 |
_aRU _bДонская ГПБ _c20121003 _grcr |
|
| 801 | 1 |
_aRU _bДонская ГПБ _c20121003 _2rusmarc |
|
| 801 | 2 |
_aRU _bДонская ГПБ _c20121123 _2rusmarc |
|
| 801 | 2 |
_aRU _bNLR _c20130325 _grcr |
|
| 830 | _aавт. раскрыт по кн. | ||
| 942 | _cBOOK | ||
| 980 | _aNBR | ||